15 most air polluted countries in 2024 - Statistics

General Stats
  • This quiz has been taken 34 times
  • The average score is 9 of 15
Answer Stats
AQI (2024) Country % Correct
68 China
100%
96 India
97%
91 Pakistan
87%
172 Bangladesh
71%
66 Iran
71%
95 Iraq
71%
75 Nepal
65%
155 Kuwait
58%
117 UAE
58%
79 Bahrain
52%
85 Sudan
42%
52 Ethiopia
35%
142 Chad
32%
69 Armenia
19%
58 Bosnia and Herzegovina
3%
No matching quizzes found
Score Distribution
Percent of People with Each Score
Percentile by Number Answered
Your Score History
You have not taken this quiz